000 00592nam a2200217Ia 4500
003 IT-RoPAU
008 120407s9999 xx 000 0 und d
040 _aIT-RoPAU
040 _cIT-RoPAU
041 _aita
100 _aGabriele De Rosa
245 _aTempo religioso e tempo storico. Saggi e note di Storia sociale e religiosa dal Medioevo all’età contemporanea
250 _aRoma
260 _aStoria e Letteratura
260 _c1987
300 _c25 cm
490 _a Storia e letteratura - raccolta di studi e testi
490 _v170
942 _cBK
999 _c14110
_d14110